MARC

LEADER 00000nam0a2200000 4500
001 192623
005 20231031181428.0
010 |a 5020119776 
035 |a (RuTPU)RU\TPU\book\210042 
090 |a 192623 
100 |a 20110304d1990 k y0rusy50 ca 
101 0 |a rus 
102 |a RU 
105 |a y z 000zy 
200 1 |a Управление НТП: эффективность, структура, информация  |f Б. М. Рудзицкий  |g Академия наук СССР (АН СССР), Институт экономики (ИЭ); под ред. В. П. Логинов 
210 |a Москва  |c Наука  |d 1990 
215 |a 176 с.  |c ил. 
610 1 |a научно-технический прогресс 
610 1 |a НТП 
610 1 |a управление 
610 1 |a эффективность 
610 1 |a структура 
610 1 |a информация 
610 1 |a информационные процессы 
686 |a У9(2)0-551  |v LBC/SL-A  |2 rubbk 
700 1 |a Рудзицкий  |b Б. М.  |g Борис Михайлович 
702 1 |a Логинов  |b В. П.  |4 340 
712 0 2 |a Академия наук СССР (АН СССР)  |b Институт экономики (ИЭ)  |c (Москва)  |2 stltpush  |3 (RuTPU)RU\TPU\col\11342 
801 1 |a RU  |b 63413507  |c 20110304 
801 2 |a RU  |b 63413507  |c 20110305  |g RCR 
942 |c BK